Imaginería virreinal (Record no. 1036)

MARC details
000 -CABECERA
campo de control de longitud fija 01479nam a2200325 a 4500
001 - NÚMERO DE CONTROL
campo de control BRCA_1159
005 - FECHA Y HORA DE LA ÚLTIMA TRANSACCIÓN
campo de control 20190320203316.0
008 - DATOS DE LONGITUD FIJA--INFORMACIÓN GENERAL
campo de control de longitud fija 931021s1990 mx-a---##b---#100-0#spa-#
020 ## - NÚMERO INTERNACIONAL ESTÁNDAR DEL LIBRO
Número Internacional Estándar del Libro 9683617239
040 ## - FUENTE DE LA CATALOGACIÓN
Centro catalogador/agencia de origen DLC
Centro/agencia transcriptor DLC
050 #4 - SIGNATURA TOPOGRÁFICA DE LA BIBLIOTECA DEL CONGRESO
Número de clasificación NB1910
Número de documento/Ítem .I43 1990
245 10 - MENCIÓN DE TÍTULO
Título Imaginería virreinal
Resto del título memorias de un seminario
Mención de responsabilidad, etc. dirección editorial Gustavo Curiel.
260 ## - PUBLICACIÓN, DISTRIBUCIÓN, ETC.
Lugar de publicación, distribución, etc. México
Nombre del editor, distribuidor, etc. UNAM, Instituto de Investigaciones Estéticas
Fecha de publicación, distribución, etc. [1990]
300 ## - DESCRIPCIÓN FÍSICA
Extensión 156 p.
Otras características físicas il. (algunas a color)
Dimensiones 28 cm.
500 ## - NOTA GENERAL
Nota general Incluye catálogo de obra
500 ## - NOTA GENERAL
Nota general Incluye piezas de la colección Franz Mayer : p. [60], 64, [65-66], 75, [76] y 81
500 ## - NOTA GENERAL
Nota general Seminario de Escultura Esplendor Virreinal: Guatemala y México, realizado en Tepozotlán, 1987 organizado por el Instituto de Investigaciones Estéticas y el Museo Nacional del Virreinato
500 ## - NOTA GENERAL
Nota general Estado físico: encuadernado, marzo 2015
504 ## - NOTA DE BIBLIOGRAFÍA, ETC.
Nota de bibliografía, etc. Bibliografía : p. 149-152
600 14 - PUNTO DE ACCESO ADICIONAL DE MATERIA--NOMBRE DE PERSONA
Nombre de persona Jesucristo
Subdivisión general Arte
9 (RLIN) 2253
600 14 - PUNTO DE ACCESO ADICIONAL DE MATERIA--NOMBRE DE PERSONA
Nombre de persona Virgen María en el arte
Subdivisión de forma Congresos
9 (RLIN) 3830
650 14 - PUNTO DE ACCESO ADICIONAL DE MATERIA--TÉRMINO DE MATERIA
Término de materia o nombre geográfico como elemento de entrada Escultura colonial
Subdivisión de forma Congresos
Subdivisión geográfica México
9 (RLIN) 3831
650 14 - PUNTO DE ACCESO ADICIONAL DE MATERIA--TÉRMINO DE MATERIA
Término de materia o nombre geográfico como elemento de entrada Escultura mexicana
Subdivisión de forma Congresos
9 (RLIN) 3832
650 14 - PUNTO DE ACCESO ADICIONAL DE MATERIA--TÉRMINO DE MATERIA
Término de materia o nombre geográfico como elemento de entrada Escultura colonial
Subdivisión de forma Congresos
Subdivisión geográfica Guatemala
9 (RLIN) 3833
650 14 - PUNTO DE ACCESO ADICIONAL DE MATERIA--TÉRMINO DE MATERIA
Término de materia o nombre geográfico como elemento de entrada Escultura guatemalteca
Subdivisión de forma Congresos
9 (RLIN) 3834
650 14 - PUNTO DE ACCESO ADICIONAL DE MATERIA--TÉRMINO DE MATERIA
Término de materia o nombre geográfico como elemento de entrada Santos en el arte
Subdivisión de forma Congresos
9 (RLIN) 3835
700 1# - PUNTO DE ACCESO ADICIONAL--NOMBRE DE PERSONA
Nombre de persona Curiel, Gustavo
9 (RLIN) 2378
711 2# - PUNTO DE ACCESO ADICIONAL--NOMBRE DE REUNIÓN/CONGRESO
Nombre de congreso/reunión o jurisdicción como elemento de entrada Seminario de Escultura Esplendor Virreinal: Guatemala y México
Fecha del congreso/reunión 1987
Sede del congreso/Lugar de la reunión Tepotzotlán, México
9 (RLIN) 3836
942 ## - ELEMENTOS DE PUNTO DE ACCESO ADICIONAL (KOHA)
Fuente del sistema de clasificación o colocación Library of Congress Classification
Tipo de ítem Koha Libros
Holdings
Estado de retiro Estado de pérdida Estado dañado No para préstamo Localización permanente Ubicación/localización actual Fecha de adquisición Total de préstamos Signatura topográfica completa Código de barras Fecha visto por última vez Precio válido a partir de Tipo de ítem Koha
El ejemplar forma parte de la colección y puede ser consultado según las políticas vigentes.       Biblioteca del Museo Franz Mayer (Rogerio Casas-Alatriste) Biblioteca del Museo Franz Mayer (Rogerio Casas-Alatriste) 26/06/2008   NB1910 .I43 1990 01681 22/03/2019 22/03/2019 Libros